[Event "Stay Safe Play From Home 287"]
[Site "Emanuel Lasker Arena"]
[Date "2020.07.08"]
[Round "6"]
[White "Souchov"]
[Black "Greblah"]
[Result "1/2-1/2"]
[WhiteElo "1981"]
[BlackElo "1880"]
[PlyCount "127"]
[EventDate "2020.07.08"]
[EventType "swiss (blitz)"]

1. e4 {[%emt 0:00:02]} c6 {[%emt 0:00:00]} 2. Nc3 {[%emt 0:00:03]} d5 {[%emt 0:00:00]} 3. Nf3 {[%emt 0:00:01]} Nf6 {[%emt 0:00:02]} 4. e5 {[%emt 0:00:01]} Ne4 {[%emt 0:00:01]} 5. d4 {[%emt 0:00:01]} Bg4 {[%emt 0:00:02]} 6. h3 {[%emt 0:00:02]} Bxf3 {[%emt 0:00:01]} 7. Qxf3 {[%emt 0:00:00]} Nxc3 {[%emt 0:00:01]} 8. Qxc3 {[%emt 0:00:02]} e6 {[%emt 0:00:01]} 9. Bd3 {[%emt 0:00:01]} Nd7 {[%emt 0:00:00]} 10. O-O {[%emt 0:00:01]} c5 {[%emt 0:00:01]} 11. Be3 {[%emt 0:00:03]} cxd4 {[%emt 0:00:01]} 12. Bxd4 {[%emt 0:00:00]} Be7 {[%emt 0:00:01]} 13. Qd2 {[%emt 0:00:01]} g6 {[%emt 0:00:02]} 14. c3 {[%emt 0:00:01]} Nc5 {[%emt 0:00:01]} 15. Bc2 {[%emt 0:00:01]} Rc8 {[%emt 0:00:01]} 16. Qh6 {[%emt 0:00:01]} Bf8 {[%emt 0:00:01]} 17. Qf4 {[%emt 0:00:02]} Bg7 {[%emt 0:00:01]} 18. b4 {[%emt 0:00:01]} Nd7 {[%emt 0:00:01]} 19. a4 {[%emt 0:00:03]} O-O {[%emt 0:00:01]} 20. Qe3 {[%emt 0:00:01]} Nb6 {[%emt 0:00:02]} 21. f4 {[%emt 0:00:01]} Nc4 {[%emt 0:00:01]} 22. Qe1 {[%emt 0:00:01]} Rc7 {[%emt 0:00:02]} 23. Bxa7 {[%emt 0:00:02]} b6 {[%emt 0:00:02]} 24. a5 {[%emt 0:00:04]} bxa5 {[%emt 0:00:01]} 25. Bd4 {[%emt 0:00:03]} axb4 {[%emt 0:00:01]} 26. cxb4 {[%emt 0:00:00]} Qb8 {[%emt 0:00:03]} 27. Bd3 {[%emt 0:00:01]} Rfc8 {[%emt 0:00:01]} 28. Bxc4 {[%emt 0:00:01]} Rxc4 {[%emt 0:00:01]} 29. Bc5 {[%emt 0:00:00]} Qb5 {[%emt 0:00:01]} 30. Rc1 {[%emt 0:00:01]} Rxc1 {[%emt 0:00:01]} 31. Qxc1 {[%emt 0:00:00]} Qc4 {[%emt 0:00:01]} 32. Qxc4 {[%emt 0:00:01]} dxc4 {[%emt 0:00:01]} 33. Rc1 {[%emt 0:00:00]} g5 {[%emt 0:00:01]} 34. Rxc4 {[%emt 0:00:00]} gxf4 {[%emt 0:00:01]} 35. Rxf4 {[%emt 0:00:00]} Bxe5 {[%emt 0:00:01]} 36. Rf3 {[%emt 0:00:00]} Bc7 {[%emt 0:00:02]} 37. g3 {[%emt 0:00:00]} Rb8 {[%emt 0:00:01]} 38. Rc3 {[%emt 0:00:01]} Bb6 {[%emt 0:00:01]} 39. Bxb6 {[%emt 0:00:01]} Rxb6 {[%emt 0:00:01]} 40. Rc4 {[%emt 0:00:00]} Kf8 {[%emt 0:00:01]} 41. Kg2 {[%emt 0:00:00]} Ke7 {[%emt 0:00:00]} 42. Kf3 {[%emt 0:00:00]} Kd6 {[%emt 0:00:01]} 43. Rh4 {[%emt 0:00:00]} f5 {[%emt 0:00:01]} 44. Ke3 {[%emt 0:00:01]} Ke5 {[%emt 0:00:02]} 45. Rc4 {[%emt 0:00:01]} h5 {[%emt 0:00:01]} 46. h4 {[%emt 0:00:01]} Kd5 {[%emt 0:00:01]} 47. Rc5+ {[%emt 0:00:00]} Kd6 {[%emt 0:00:01]} 48. Kd4 {[%emt 0:00:00]} Rxb4+ {[%emt 0:00:01]} 49. Rc4 {[%emt 0:00:00]} Rxc4+ {[%emt 0:00:01]} 50. Kxc4 {[%emt 0:00:00]} Ke5 {[%emt 0:00:01]} 51. Kd3 {[%emt 0:00:00]} f4 {[%emt 0:00:00]} 52. Ke2 {[%emt 0:00:02]} fxg3 {[%emt 0:00:01]} 53. Kf3 {[%emt 0:00:00]} Kf5 {[%emt 0:00:00]} 54. Kxg3 {[%emt 0:00:00]} e5 {[%emt 0:00:01]} 55. Kf3 {[%emt 0:00:00]} e4+ {[%emt 0:00:01]} 56. Ke3 {[%emt 0:00:00]} Kg4 {[%emt 0:00:01]} 57. Kxe4 {[%emt 0:00:00]} Kxh4 {[%emt 0:00:00]} 58. Kf4 {[%emt 0:00:00]} Kh3 {[%emt 0:00:01]} 59. Kf3 {[%emt 0:00:00]} h4 {[%emt 0:00:00]} 60. Kf2 {[%emt 0:00:01]} Kh2 {[%emt 0:00:00]} 61. Kf1 {[%emt 0:00:01]} h3 {[%emt 0:00:00]} 62. Kf2 {[%emt 0:00:00]} Kh1 {[%emt 0:00:00]} 63. Kf1 {[%emt 0:00:00]} h2 {[%emt 0:00:00]} 64. Kf2 {[%emt 0:00:00] (Lag: Av=0.59s, max=3.9s)} 1/2-1/2

[Event "Stay Safe Play From Home 287"]
[Site "Emanuel Lasker Arena"]
[Date "2020.07.08"]
[Round "6"]
[White "NeatFox"]
[Black "AChessPlayer"]
[Result "0-1"]
[WhiteElo "1969"]
[BlackElo "2402"]
[Annotator "TA"]
[PlyCount "68"]
[EventDate "2020.07.08"]
[EventType "swiss (blitz)"]

{[%evp 9,67,-142,-94,-152,-82,-89,-84,-87,-96,-122,-71,-88,-84,-110,-76,-99,-99,-158,-103,-107,-97,-149,-95,-138,-117,-120,-135,-160,-117,-198,-168,-230,-223,-281,-265,-420,-254,-245,-210,-231,-227,-279,-276,-276,-267,-293,-283,-288,-285,-288,-277,-276,-275,-302,-282,-297,-241,-294,-237,-29999]} 1. g4 d5 2. Bg2 c6 3. c4 dxc4 4. Qa4 Bxg4 5. Qxc4 {[#]} Bc8 $146 ({Predecessor:} 5... Nf6 6. d3 e5 7. Bg5 Nbd7 8. Bxf6 Nxf6 9. h3 Be6 10. Qc3 Qb6 11. a3 Nd5 12. Bxd5 cxd5 {0-1 (25) Fernandez,Q (1455)-Yanushkevich,E ICCF email 2019}) 6. Qb3 {A00: Irregular Openings.} (6. d4 $142) 6... e6 (6... e5 $142 7. Nf3 Nd7) 7. Nc3 Nf6 8. Nf3 {Black is better.} Nbd7 9. d3 Nc5 (9... e5 $142 10. O-O Be7) 10. Qd1 Be7 $36 {[%mdl 2048] Black has strong initiative.} 11. Bg5 h6 (11... Ncd7 {is more complex.} 12. e3 O-O 13. Rc1 h6 14. Bh4 Nh5) 12. Bxf6 Bxf6 13. Rc1 (13. d4 $142 Nd7 14. Qc2) 13... Nd7 (13... Qb6 $142 14. d4 Qxb2) 14. O-O O-O 15. Qb3 ({White should play} 15. d4) 15... Nb6 (15... Ne5 $142 16. Ne4 Nxf3+ 17. Bxf3 Be5) 16. Ne4 Be7 17. Qc2 Nd5 {[%cal Bb6d5,Bd5c7,Bc7b5,Bb5d4][%mdl 32]} 18. a3 Bd7 19. Nd4 (19. e3 $17 {is a better defense.}) 19... Rc8 20. Nb3 (20. e3 {keeps fighting.}) 20... b6 $19 21. Ned2 {[%cal Be4d2,Bd2f3,Bf3e5][%mdl 32]} c5 22. e4 (22. e3 $142) 22... Nc7 23. Nf3 Nb5 24. Ne5 Be8 25. Ng4 Nd4 26. Nxd4 Qxd4 27. Rcd1 Bb5 28. Rfe1 Rcd8 29. Bf1 Bg5 30. Ne3 Bf4 31. Ng2 Bc7 32. Re3 g5 33. h4 Qe5 {[%csl Gc7][%cal Re5h2]} 34. hxg5 $2 {[#]} (34. Rg3 $19) 34... Qh2# {Accuracy: White = 38%, Black = 52%.} 0-1

[Event "Stay Safe Play From Home 287"]
[Site "Emanuel Lasker Arena"]
[Date "2020.07.08"]
[Round "6"]
[White "Ironmike"]
[Black "Mandy"]
[Result "1-0"]
[WhiteElo "1955"]
[BlackElo "901"]
[PlyCount "39"]
[EventDate "2020.07.08"]
[EventType "swiss (blitz)"]
[WhiteTeam "SV Horst-Emscher I"]

{Dönges, Dirk (1820)} 1. e4 {[%emt 0:00:00]} c6 {[%emt 0:00:03]} 2. Nf3 {[%emt 0:00:00]} d5 {[%emt 0:00:01]} 3. exd5 {[%emt 0:00:00]} cxd5 {[%emt 0:00:02]} 4. d4 {[%emt 0:00:00]} Bf5 {[%emt 0:00:02]} 5. Bb5+ {[%emt 0:00:01]} Nd7 {[%emt 0:00:03]} 6. Bxd7+ {[%emt 0:00:00]} Qxd7 {[%emt 0:00:02]} 7. O-O {[%emt 0:00:00]} e6 {[%emt 0:00:01]} 8. Ne5 {[%emt 0:00:01]} Qe7 {[%emt 0:00:04]} 9. c4 {[%emt 0:00:01]} f6 {[%emt 0:00:03]} 10. Nf3 {[%emt 0:00:02]} Bxb1 {[%emt 0:00:07]} 11. Rxb1 {[%emt 0:00:01]} g6 {[%emt 0:00:02]} 12. cxd5 {[%emt 0:00:01]} Bh6 {[%emt 0:00:02]} 13. Re1 {[%emt 0:00:01]} Bxc1 {[%emt 0:00:02]} 14. Rxe6 {[%emt 0:00:01]} Rc8 {[%emt 0:00:14]} 15. Rxe7+ {[%emt 0:00:02]} Nxe7 {[%emt 0:00:02]} 16. Rxc1 {[%emt 0:00:01]} O-O {[%emt 0:00:03]} 17. d6 {[%emt 0:00:01]} Nf5 {[%emt 0:00:04]} 18. d7 {[%emt 0:00:02]} Rxc1 {[%emt 0:00:01]} 19. Qxc1 {[%emt 0:00:01]} Rd8 {[%emt 0:00:02]} 20. g4 {[%emt 0:00:01] Zeit (Lag: Av=0.55s, max=3.0s)} 1-0

[Event "Stay Safe Play From Home 287"]
[Site "Emanuel Lasker Arena"]
[Date "2020.07.08"]
[Round "6"]
[White "Trotsky"]
[Black "Haxhi Baha"]
[Result "0-1"]
[WhiteElo "1610"]
[BlackElo "1972"]
[PlyCount "46"]
[EventDate "2020.07.08"]
[EventType "swiss (blitz)"]

1. d4 {[%emt 0:00:01]} d5 {[%emt 0:00:01]} 2. e3 {[%emt 0:00:00]} e6 {[%emt 0:00:01]} 3. c4 {[%emt 0:00:01]} Nf6 {[%emt 0:00:01]} 4. Nc3 {[%emt 0:00:01]} c6 {[%emt 0:00:01]} 5. Nf3 {[%emt 0:00:01]} dxc4 {[%emt 0:00:01]} 6. Bxc4 {[%emt 0:00:01]} b5 {[%emt 0:00:01]} 7. Bd3 {[%emt 0:00:01]} a6 {[%emt 0:00:00]} 8. Qc2 {[%emt 0:00:01]} c5 {[%emt 0:00:02]} 9. Bd2 {[%emt 0:00:01]} c4 {[%emt 0:00:01]} 10. Be4 {[%emt 0:00:04]} Ra7 {[%emt 0:00:01]} 11. h4 {[%emt 0:00:03]} Bd7 {[%emt 0:00:01]} 12. O-O-O {[%emt 0:00:02]} b4 {[%emt 0:00:01]} 13. Ne2 {[%emt 0:00:10]} Rc7 {[%emt 0:00:01]} 14. Kb1 {[%emt 0:00:02]} Nc6 {[%emt 0:00:02]} 15. Rc1 {[%emt 0:00:01]} Na5 {[%emt 0:00:02]} 16. Ka1 {[%emt 0:00:02]} b3 {[%emt 0:00:03]} 17. Qc3 {[%emt 0:00:04]} Nxe4 {[%emt 0:00:05]} 18. Qxa5 {[%emt 0:00:04]} Bd6 {[%emt 0:00:01]} 19. Ng5 {[%emt 0:00:07]} Nxd2 {[%emt 0:00:04]} 20. Nf4 {[%emt 0:00:04]} Bxf4 {[%emt 0:00:02]} 21. exf4 {[%emt 0:00:01]} bxa2 {[%emt 0:00:05]} 22. Rc3 {[%emt 0:00:06]} Nb3+ {[%emt 0:00:01]} 23. Rxb3 {[%emt 0:00:02]} cxb3 {[%emt 0:00:00] Âðåìÿ (Lag: Av=0.81s, max=3.6s) .} 0-1

[Event "Stay Safe Play From Home 287"]
[Site "Emanuel Lasker Arena"]
[Date "2020.07.08"]
[Round "7"]
[White "Mepe_Nika"]
[Black "AChessPlayer"]
[Result "1/2-1/2"]
[WhiteElo "2376"]
[BlackElo "2405"]
[Annotator "RC"]
[PlyCount "183"]
[EventDate "2020.07.08"]
[EventType "swiss (blitz)"]

1. g3 {[%emt 0:00:00]} g6 {[%emt 0:00:01]} 2. Bg2 {[%emt 0:00:00]} Bg7 {[%emt 0:00:00]} 3. d3 {[%emt 0:00:01]} c6 {[%emt 0:00:00]} 4. e4 {[%emt 0:00:02]} d5 {[%emt 0:00:00]} 5. Nc3 {[%emt 0:00:01]} dxe4 {[%emt 0:00:03]} 6. Nxe4 {[%emt 0:00:02]} Nd7 {[%emt 0:00:01]} 7. Bd2 {[%emt 0:00:01]} Ngf6 {[%emt 0:00:01]} 8. Nxf6+ {[%emt 0:00:01]} Nxf6 {[%emt 0:00:01]} 9. Ne2 {[%emt 0:00:01]} O-O {[%emt 0:00:00]} 10. O-O {[%emt 0:00:00]} a5 {[%emt 0:00:02]} 11. a4 {[%emt 0:00:02]} Nd5 {[%emt 0:00:01]} 12. Nc3 {[%emt 0:00:01]} Nb4 {[%emt 0:00:01]} 13. Ne4 {[%emt 0:00:02]} Be6 {[%emt 0:00:02]} 14. Bc3 {[%emt 0:00:01]} Bd5 {[%emt 0:00:02]} 15. Bxg7 {[%emt 0:00:01]} Kxg7 {[%emt 0:00:00]} 16. Nc3 {[%emt 0:00:01]} Bxg2 {[%emt 0:00:01]} 17. Kxg2 {[%emt 0:00:00]} Qd6 {[%emt 0:00:01]} 18. Ne4 {[%emt 0:00:01]} Qd5 {[%emt 0:00:01]} 19. Kg1 {[%emt 0:00:01]} Rad8 {[%emt 0:00:01]} 20. Qd2 {[%emt 0:00:01]} e5 {[%emt 0:00:01]} 21. Qc3 {[%emt 0:00:01]} Qd4 {[%emt 0:00:01]} 22. Rae1 {[%emt 0:00:01]} Qxc3 {[%emt 0:00:01]} 23. Nxc3 {[%emt 0:00:00]} Rfe8 {[%emt 0:00:04]} 24. Re2 {[%emt 0:00:01]} f6 {[%emt 0:00:01]} 25. Rfe1 {[%emt 0:00:01]} Kf7 {[%emt 0:00:00]} 26. Ne4 {[%emt 0:00:01]} Rd5 {[%emt 0:00:03]} 27. Nc3 {[%emt 0:00:04]} Rd7 {[%emt 0:00:01]} 28. f4 {[%emt 0:00:01]} Rde7 {[%emt 0:00:01]} 29. fxe5 {[%emt 0:00:01]} Rxe5 {[%emt 0:00:02]} 30. Ne4 {[%emt 0:00:02]} Kg7 {[%emt 0:00:02]} 31. Kf2 {[%emt 0:00:09]} f5 {[%emt 0:00:00]} 32. Nc5 {[%emt 0:00:02]} Rxe2+ {[%emt 0:00:03]} 33. Rxe2 {[%emt 0:00:00]} Rxe2+ {[%emt 0:00:01]} 34. Kxe2 {[%emt 0:00:00]} b6 {[%emt 0:00:00]} 35. Nd7 {[%emt 0:00:03]} b5 {[%emt 0:00:01]} 36. Ne5 {[%emt 0:00:03]} Nxc2 {[%emt 0:00:02]} 37. Nxc6 {[%emt 0:00:01]} bxa4 {[%emt 0:00:00]} 38. Nxa5 {[%emt 0:00:01]} Nd4+ {[%emt 0:00:00]} 39. Kd2 {[%emt 0:00:01]} Kf6 {[%emt 0:00:01]} 40. Kc3 {[%emt 0:00:01]} Nf3 {[%emt 0:00:01]} 41. h3 {[%emt 0:00:00]} Ng1 {[%emt 0:00:01]} 42. h4 {[%emt 0:00:00]} Ne2+ {[%emt 0:00:00] Mepe_Nika offers a draw} 43. Kb4 {[%emt 0:00:02]} Nxg3 {[%emt 0:00:00]} 44. Kxa4 {[%emt 0:00:00]} f4 {[%emt 0:00:00]} 45. Nc4 {[%emt 0:00:01]} f3 {[%emt 0:00:00]} 46. Nd2 {[%emt 0:00:00]} f2 {[%emt 0:00:01]} 47. b4 {[%emt 0:00:01]} f1=Q {[%emt 0:00:01]} 48. Nxf1 {[%emt 0:00:01]} Nxf1 {[%emt 0:00:00]} 49. b5 {[%emt 0:00:00]} Ke6 {[%emt 0:00:00]} 50. b6 {[%emt 0:00:00]} Kd7 {[%emt 0:00:00]} 51. b7 {[%emt 0:00:00]} Kc7 {[%emt 0:00:00]} 52. Kb5 {[%emt 0:00:00]} Kb8 {[%emt 0:00:00]} 53. Kc5 {[%emt 0:00:00]} Ng3 {[%emt 0:00:01]} 54. Kd6 {[%emt 0:00:00]} Nf5+ {[%emt 0:00:00]} 55. Ke5 {[%emt 0:00:00]} Nxh4 {[%emt 0:00:00]} 56. d4 {[%emt 0:00:01]} h5 {[%emt 0:00:00]} 57. d5 {[%emt 0:00:00]} Nf3+ {[%emt 0:00:01]} 58. Kf6 {[%emt 0:00:00]} Nd4 {[%emt 0:00:01]} 59. Kg5 {[%emt 0:00:01]} Nb5 {[%emt 0:00:01]} 60. d6 {[%emt 0:00:00]} Nxd6 {[%emt 0:00:01]} 61. Kh4 {[%emt 0:00:00]} Kxb7 {[%emt 0:00:00]} 62. Kg5 {[%emt 0:00:00]} Kc6 {[%emt 0:00:00]} 63. Kh4 {[%emt 0:00:00]} Kd5 {[%emt 0:00:00]} 64. Kg5 {[%emt 0:00:00]} Ke6 {[%emt 0:00:00]} 65. Kh4 {[%emt 0:00:00]} Nf7 {[%emt 0:00:00]} 66. Kh3 {[%emt 0:00:00]} Kf6 {[%emt 0:00:00]} 67. Kh2 {[%emt 0:00:00]} Kg7 {[%emt 0:00:00]} 68. Kh1 {[%emt 0:00:00]} Kh7 {[%emt 0:00:00]} 69. Kg2 {[%emt 0:00:00]} Kg7 {[%emt 0:00:00]} 70. Kh1 {[%emt 0:00:00]} Kh6 {[%emt 0:00:00]} 71. Kh2 {[%emt 0:00:00]} g5 {[%emt 0:00:00]} 72. Kh1 {[%emt 0:00:00]} Kg6 {[%emt 0:00:00]} 73. Kg2 {[%emt 0:00:00]} Kf6 {[%emt 0:00:00]} 74. Kh1 {[%emt 0:00:00]} Kf5 {[%emt 0:00:00]} 75. Kh2 {[%emt 0:00:00]} Kg6 {[%emt 0:00:01]} 76. Kh1 {[%emt 0:00:00]} Kf6 {[%emt 0:00:00]} 77. Kg2 {[%emt 0:00:00]} Kf5 {[%emt 0:00:01]} 78. Kf3 {[%emt 0:00:00]} g4+ {[%emt 0:00:00]} 79. Kf2 {[%emt 0:00:00]} Kg5 {[%emt 0:00:00]} 80. Kg2 {[%emt 0:00:00]} h4 {[%emt 0:00:00]} 81. Kg1 {[%emt 0:00:00]} Kh5 {[%emt 0:00:00]} 82. Kh1 {[%emt 0:00:00]} Kg5 {[%emt 0:00:00]} 83. Kg2 {[%emt 0:00:00]} Kf4 {[%emt 0:00:00]} 84. Kg1 {[%emt 0:00:00]} g3 {[%emt 0:00:00]} 85. Kg2 {[%emt 0:00:01]} Kg4 {[%emt 0:00:00]} 86. Kg1 {[%emt 0:00:00]} h3 {[%emt 0:00:00]} 87. Kh1 {[%emt 0:00:00]} Kf3 {[%emt 0:00:00]} 88. Kg1 {[%emt 0:00:00]} g2 {[%emt 0:00:00]} 89. Kh2 {[%emt 0:00:01]} Kf2 {[%emt 0:00:00]} 90. Kxh3 {[%emt 0:00:00]} g1=Q {[%emt 0:00:00]} 91. Kh4 {[%emt 0:00:00]} Qg3+ {[%emt 0:00:00]} 92. Kh5 {[%emt 0:00:00] . Time (Lag: Av=0.50s, max=1.4s)} 1/2-1/2

[Event "Stay Safe Play From Home 287"]
[Site "Emanuel Lasker Arena"]
[Date "2020.07.08"]
[Round "7"]
[White "Jhhonnyy"]
[Black "Souchov"]
[Result "1/2-1/2"]
[WhiteElo "2345"]
[BlackElo "1976"]
[Annotator "TA"]
[PlyCount "90"]
[EventDate "2020.07.08"]
[EventType "swiss (blitz)"]

{[%evp 17,90,27,30,10,92,8,38,13,10,0,0,-22,-9,-62,-28,-14,0,0,10,-35,-31,-28,-25,-83,-79,-83,-97,-90,-25,-41,24,-43,0,0,0,-7,-7,-19,84,102,88,75,130,0,0,-137,-144,-168,-32,-32,-32,-34,-36,-34,-34,-137,-126,-295,-14,-166,-125,-195,-170,-258,-164,-556,-553,-510,0,0,0,-466,0,0,0]} 1. d4 Nf6 2. c4 g6 3. g3 Bg7 4. Bg2 O-O 5. Nc3 c5 6. d5 d6 7. Nf3 e6 8. O-O exd5 9. cxd5 Nbd7 10. a4 {A62: Modern Benoni: Fianchetto Variation without early ...Nbd7.} Ne5 (10... Ng4 $11) 11. Nd2 (11. Nxe5 $16 dxe5 12. a5) 11... Nfd7 12. h3 {Black must now prevent f4.White is slightly better.} f5 13. f4 Nf7 {[#]} 14. Nc4 $146 ({Predecessor:} 14. e4 Nf6 15. exf5 Bxf5 16. Nc4 h5 17. Ne3 Nh6 18. Nxf5 Nxf5 19. Kh2 Re8 20. Re1 Qd7 21. Bd2 a6 22. a5 Nd4 23. Be3 {½-½ (23) Caruana,F (2652)-Alekseev,E (2715) Khanty-Mansiysk 2009}) 14... Nf6 15. Nb5 (15. Qc2 $11) 15... a6 16. Nc3 Rb8 17. a5 Bd7 18. e4 Bb5 19. Nxb5 axb5 20. e5 (20. Nd2 $11 {remains equal.}) 20... bxc4 $17 21. exf6 Bxf6 22. Qc2 c3 ({Black should try} 22... b6 $17 23. a6 Bd4+ 24. Kh2 b5) 23. bxc3 $11 Re8 (23... Ra8 $15) 24. Kh2 (24. g4 $11) 24... Re7 25. g4 fxg4 26. hxg4 Qd7 27. g5 Bg7 (27... Qg4 $11 {keeps the balance.} 28. Bf3 (28. gxf6 $2 Re2 $19) 28... Qh4+ 29. Kg2 Nxg5 30. fxg5 Be5) 28. Bh3 $16 Qe8 {Hoping for ...Re2+.} 29. Bg4 h5 (29... Re4 $142) 30. gxh6 (30. Bf3 $16) 30... Nxh6 $11 31. Bf3 (31. Be6+ $1 $11 {was the only way to keep the balance.} Rxe6 32. dxe6) 31... Nf5 $36 {[%mdl 2048] Black is on the roll.} 32. Bd2 {[#]} Kf7 ({Better is} 32... Re2+ $1 $19 {[%mdl 512]} 33. Kh1 (33. Bxe2 Qxe2+) 33... Ng3+ {[%mdl 64] Double Attack} 34. Kg1 {[#]} Qe3+ $1 {[%mdl 512]} 35. Bxe3 Rxc2) 33. Rae1 Rxe1 34. Rxe1 Qh8+ 35. Kg1 Qh3 36. Bg2 (36. Qe4 $1 $15 Qg3+ 37. Kf1) 36... Qg3 37. Qe4 $2 (37. Re6 $17 {is a better defense.}) 37... Bf6 $2 (37... Bxc3 $19 38. Bxc3 Qxc3) 38. Qe6+ $2 (38. Qf3 $1 $11) 38... Kg7 $19 39. Qd7+ (39. Rf1 $17) 39... Kh6 40. Qe6 (40. Qf7 {was necessary.} Bxc3 41. Bxc3 Qxc3 42. Re2) 40... Nh4 {[%csl Gh4][%cal Rg3g2]} ({Not} 40... Bh4 41. Qe2 $11) 41. Re2 $2 ({Wrong is} 41. Qh3 $2 Qxh3 42. Bxh3 Nf3+ 43. Kg2 Nxd2 $19) (41. f5+ {is a better chance.} Bg5 42. Bxg5+ Qxg5 43. Qe3) 41... Nf3+ 42. Kf1 Nh2+ $2 (42... Nxd2+ $19 43. Rxd2 Qxf4+ 44. Ke2 Bg5) 43. Kg1 $11 {Strongly threatening Re3.} Nf3+ $2 {[%mdl 8192]} (43... Bxc3 $11 44. Bxc3 Nf3+ 45. Kf1 Nh2+ {[%mdl 64] Discovered Attack} 46. Kg1 Nf3+ 47. Kf1 Nh2+ {[%mdl 64] Discovered Attack} 48. Kg1) 44. Kf1 $19 Nh2+ $2 (44... Nxd2+ $19 45. Rxd2 Qxf4+ 46. Ke2 Qc4+ 47. Kd1 Qb3+ 48. Ke2 Rf8) 45. Kg1 $11 {Re3 is the strong threat.} Nf3+ {Accuracy: White = 39%, Black = 45%.} 1/2-1/2

[Event "Stay Safe Play From Home 287"]
[Site "Emanuel Lasker Arena"]
[Date "2020.07.08"]
[Round "7"]
[White "Lamborghini"]
[Black "Haxhi Baha"]
[Result "0-1"]
[WhiteElo "2185"]
[BlackElo "1975"]
[PlyCount "116"]
[EventDate "2020.07.08"]
[EventType "swiss (blitz)"]

1. e4 {[%emt 0:00:02]} e6 {[%emt 0:00:01]} 2. d4 {[%emt 0:00:01]} d5 {[%emt 0:00:00]} 3. Nc3 {[%emt 0:00:01]} Nf6 {[%emt 0:00:01]} 4. Bg5 {[%emt 0:00:02]} Be7 {[%emt 0:00:01]} 5. e5 {[%emt 0:00:00]} Nfd7 {[%emt 0:00:01]} 6. Bxe7 {[%emt 0:00:00]} Qxe7 {[%emt 0:00:00]} 7. f4 {[%emt 0:00:00]} a6 {[%emt 0:00:00]} 8. Nf3 {[%emt 0:00:00]} c5 {[%emt 0:00:00]} 9. Qd2 {[%emt 0:00:00]} Nc6 {[%emt 0:00:00]} 10. dxc5 {[%emt 0:00:00]} Qxc5 {[%emt 0:00:01]} 11. Bd3 {[%emt 0:00:00]} b5 {[%emt 0:00:01]} 12. O-O-O {[%emt 0:00:01]} Nb6 {[%emt 0:00:01]} 13. Ne2 {[%emt 0:00:01]} Bd7 {[%emt 0:00:01]} 14. f5 {[%emt 0:00:03]} Rc8 {[%emt 0:00:01]} 15. fxe6 {[%emt 0:00:02]} Bxe6 {[%emt 0:00:00]} 16. Nf4 {[%emt 0:00:02]} Nc4 {[%emt 0:00:02]} 17. Bxc4 {[%emt 0:00:01]} bxc4 {[%emt 0:00:01]} 18. Nd4 {[%emt 0:00:02]} Nxd4 {[%emt 0:00:01]} 19. Qxd4 {[%emt 0:00:00]} Qa5 {[%emt 0:00:03]} 20. a3 {[%emt 0:00:02]} O-O {[%emt 0:00:01]} 21. c3 {[%emt 0:00:02]} Rb8 {[%emt 0:00:01]} 22. Rd2 {[%emt 0:00:01]} Rb3 {[%emt 0:00:02]} 23. Rc2 {[%emt 0:00:01]} Rfb8 {[%emt 0:00:02]} 24. Rf1 {[%emt 0:00:03]} Bf5 {[%emt 0:00:01]} 25. Rff2 {[%emt 0:00:01]} Bxc2 {[%emt 0:00:02]} 26. Rxc2 {[%emt 0:00:00]} Rxa3 {[%emt 0:00:01]} 27. bxa3 {[%emt 0:00:02]} Qxa3+ {[%emt 0:00:00]} 28. Kd2 {[%emt 0:00:01]} Qa1 {[%emt 0:00:01]} 29. Nxd5 {[%emt 0:00:01]} Qf1 {[%emt 0:00:03]} 30. Ke3 {[%emt 0:00:02]} Qg1+ {[%emt 0:00:03]} 31. Rf2 {[%emt 0:00:01]} Rb2 {[%emt 0:00:04]} 32. Kf3 {[%emt 0:00:02]} Rxf2+ {[%emt 0:00:06]} 33. Qxf2 {[%emt 0:00:02]} Qd1+ {[%emt 0:00:00]} 34. Kg3 {[%emt 0:00:03]} Qxd5 {[%emt 0:00:01]} 35. Qf5 {[%emt 0:00:00]} g6 {[%emt 0:00:02]} 36. Qf6 {[%emt 0:00:01]} Qd3+ {[%emt 0:00:02]} 37. Kf4 {[%emt 0:00:01]} Qf1+ {[%emt 0:00:02]} 38. Kg5 {[%emt 0:00:01]} Qxf6+ {[%emt 0:00:01]} 39. Kxf6 {[%emt 0:00:00]} a5 {[%emt 0:00:00]} 40. e6 {[%emt 0:00:00]} fxe6 {[%emt 0:00:00]} 41. Kxe6 {[%emt 0:00:01]} a4 {[%emt 0:00:00]} 42. Kd5 {[%emt 0:00:00]} a3 {[%emt 0:00:00]} 43. Kxc4 {[%emt 0:00:00]} a2 {[%emt 0:00:00]} 44. Kd5 {[%emt 0:00:00]} a1=Q {[%emt 0:00:00]} 45. c4 {[%emt 0:00:00]} Qd1+ {[%emt 0:00:01]} 46. Kc5 {[%emt 0:00:00]} Qf1 {[%emt 0:00:02]} 47. Kb4 {[%emt 0:00:00]} Qxg2 {[%emt 0:00:00]} 48. c5 {[%emt 0:00:00]} Qxh2 {[%emt 0:00:00]} 49. Kb5 {[%emt 0:00:00]} Qc7 {[%emt 0:00:00]} 50. c6 {[%emt 0:00:01]} g5 {[%emt 0:00:00]} 51. Kc5 {[%emt 0:00:00]} g4 {[%emt 0:00:00]} 52. Kd5 {[%emt 0:00:00]} g3 {[%emt 0:00:00]} 53. Ke4 {[%emt 0:00:00]} g2 {[%emt 0:00:00]} 54. Ke3 {[%emt 0:00:00]} g1=Q+ {[%emt 0:00:02]} 55. Kf3 {[%emt 0:00:00]} Qd4 {[%emt 0:00:01]} 56. Kg2 {[%emt 0:00:01]} Qcf4 {[%emt 0:00:01]} 57. Kh3 {[%emt 0:00:00]} Qdf2 {[%emt 0:00:01]} 58. c7 {[%emt 0:00:01]} Q2g3# {[%emt 0:00:00] (Lag: Av=1.01s, max=2.1s)} 0-1

[Event "Stay Safe Play From Home 287"]
[Site "Emanuel Lasker Arena"]
[Date "2020.07.08"]
[Round "7"]
[White "Lazieri3"]
[Black "Trotsky"]
[Result "1-0"]
[WhiteElo "2123"]
[BlackElo "1606"]
[PlyCount "31"]
[EventDate "2020.07.08"]
[EventType "swiss (blitz)"]

1. e4 {[%emt 0:00:01]} c5 {[%emt 0:00:01]} 2. Nc3 {[%emt 0:00:00]} Nc6 {[%emt 0:00:01]} 3. d3 {[%emt 0:00:00]} Nf6 {[%emt 0:00:01]} 4. Nf3 {[%emt 0:00:00]} e6 {[%emt 0:00:01]} 5. Be3 {[%emt 0:00:01]} d6 {[%emt 0:00:01]} 6. d4 {[%emt 0:00:01]} cxd4 {[%emt 0:00:01]} 7. Nxd4 {[%emt 0:00:00]} Nxd4 {[%emt 0:00:01]} 8. Bxd4 {[%emt 0:00:00]} e5 {[%emt 0:00:01]} 9. Bb5+ {[%emt 0:00:01]} Bd7 {[%emt 0:00:05]} 10. Bxd7+ {[%emt 0:00:01]} Qxd7 {[%emt 0:00:02]} 11. Be3 {[%emt 0:00:00]} a6 {[%emt 0:00:05]} 12. O-O {[%emt 0:00:01]} Rd8 {[%emt 0:00:01]} 13. Bg5 {[%emt 0:00:01]} Qc7 {[%emt 0:00:01]} 14. Nd5 {[%emt 0:00:03]} Qd7 {[%emt 0:00:05]} 15. Bxf6 {[%emt 0:00:01]} gxf6 {[%emt 0:00:03]} 16. Nxf6+ {[%emt 0:00:01] Trotsky Ñäàåòñÿ (Lag: Av=0.54s, max=0.7s)} 1-0